[Event "Stevenage 4NCL Easter op U2050"]
[Site "Stevenage"]
[Date "2019.04.21"]
[Round "4"]
[White "Turner, Sam"]
[Black "Hughes, Peter"]
[Result "0-1"]
[WhiteElo "1645"]
[BlackElo "1820"]
[PlyCount "74"]
[EventDate "2019.04.19"]
[EventType "swiss"]
[EventRounds "7"]
[EventCountry "ENG"]
[SourceTitle "CBM 190 Extra"]
[Source "ChessBase"]
[SourceDate "2019.07.15"]
[SourceVersion "1"]
[SourceVersionDate "2019.07.15"]
[SourceQuality "1"]

1. d4 d6 2. c4 c6 3. Nf3 Nd7 4. e4 h6 5. Nc3 g5 6. h3 Bg7 7. Be2 Nf8 8. Be3 Ng6 9. Qd2 Nf6 10. 0-0-0 Qc7 11. e5 Nh7 12. Bd3 Nhf8 13. exd6 Qxd6 14. Ne4 Qc7 15. Ng3 Rg8 16. Kb1 Bd7 17. Nf5 Bxf5 18. Bxf5 e6 19. Bc2 Ne7 20. h4 f6 21. Rc1 0-0-0 22. Qb4 b6 23. Qa4 Kb8 24. b4 Qb7 25. Qb3 g4 26. Bf4+ Ka8 27. Nd2 h5 28. Be3 f5 29. Rhd1 Nfg6 30. b5 f4 31. bxc6 Qxc6 32. Be4 Nd5 33. Bxg6 fxe3 34. fxe3 Nf6 35. Bd3 Qxg2 36. Qb2 Qg3 37. c5 Qxe3 0-1

[Event "Stevenage 4NCL Easter op U2050"]
[Site "Stevenage"]
[Date "2019.04.19"]
[Round "1"]
[White "Hughes, Peter"]
[Black "Cox, Akeem"]
[Result "0-1"]
[WhiteElo "1820"]
[BlackElo "1805"]
[PlyCount "64"]
[EventDate "2019.04.19"]
[EventType "swiss"]
[EventRounds "7"]
[EventCountry "ENG"]
[SourceTitle "CBM 190 Extra"]
[Source "ChessBase"]
[SourceDate "2019.07.15"]
[SourceVersion "1"]
[SourceVersionDate "2019.07.15"]
[SourceQuality "1"]

1. d4 g6 2. c4 Bg7 3. Nc3 d6 4. e4 e5 5. dxe5 Bxe5 6. Bd2 Nc6 7. Nf3 Bg7 8. Be2 Nf6 9. 0-0 0-0 10. h3 Re8 11. Bd3 Nd7 12. Re1 Nc5 13. Bg5 f6 14. Be3 b6 15. Bf1 Be6 16. Nd4 Bd7 17. f3 Ne6 18. Nxe6 Bxe6 19. Qd2 Ne5 20. b3 f5 21. exf5 Bxf5 22. Bg5 Qd7 23. Nd5 Qf7 24. Rad1 Bxh3 25. f4 Bg4 26. fxe5 Bxd1 27. Qxd1 Bxe5 28. Bd3 Re6 29. Rf1 Qg7 30. Qf3 Bd4+ 31. Kh1 Rae8 32. Bf6 Qh6+ 0-1

[Event "SN-2014-0-00652"]
[Site "LSS email"]
[Date "2015.01.07"]
[Round "?"]
[White "Lenz, Juergen"]
[Black "Hughes, Peter"]
[Result "1-0"]
[WhiteElo "905"]
[BlackElo "668"]
[PlyCount "83"]
[EventDate "2014.12.24"]
[EventType "tourn (corr)"]
[EventRounds "6"]
[EventCountry "GER"]
[SourceTitle "Corr 2015"]
[Source "ChessBase"]
[SourceDate "2015.07.17"]
[SourceVersion "1"]
[SourceVersionDate "2015.07.17"]
[SourceQuality "1"]

1. d4 Nf6 2. Nf3 g6 3. Bf4 Nh5 4. Bg5 h6 5. Bh4 g5 6. Bg3 d6 7. e3 c5 8. c3 Nc6 9. Be2 Qb6 10. Qb3 Be6 11. Qxb6 axb6 12. a3 g4 13. Nfd2 0-0-0 14. a4 Kc7 15. Na3 Na7 16. Nb5+ Nxb5 17. axb5 Bg7 18. Kd1 cxd4 19. exd4 Ra8 20. Kc2 Nxg3 21. hxg3 Bd7 22. Bc4 e6 23. Be2 e5 24. dxe5 dxe5 25. Bc4 f6 26. Kb3 f5 27. Ra3 f4 28. Ne4 Bf5 29. Bd3 Ra5 30. Rxa5 bxa5 31. gxf4 exf4 32. Nc5 Rf8 33. Bxf5 Rxf5 34. Kc4 Bf8 35. Ne6+ Kb6 36. Nxf8 Rc5+ 37. Kd3 Kxb5 38. Rxh6 Rd5+ 39. Kc2 a4 40. Rf6 Kc4 41. Rxf4+ Kb5 42. c4+ 1-0

[Event "RN-2014-0-00852"]
[Site "LSS email"]
[Date "2014.10.05"]
[Round "?"]
[White "Hughes, Peter"]
[Black "Bester, Kazimierz"]
[Result "1-0"]
[WhiteElo "680"]
[BlackElo "744"]
[PlyCount "51"]
[EventDate "2014.09.23"]
[EventType "tourn (corr)"]
[EventRounds "6"]
[EventCountry "GER"]
[SourceTitle "Corr 2015"]
[Source "ChessBase"]
[SourceDate "2015.07.17"]
[SourceVersion "1"]
[SourceVersionDate "2015.07.17"]
[SourceQuality "1"]

1. d4 e6 2. c4 Nf6 3. Nc3 Bb4 4. Qc2 Ne4 5. Qxe4 Bxc3+ 6. bxc3 c6 7. Nf3 d5 8. Qg4 g6 9. Bh6 e5 10. Qg3 e4 11. Nd2 Qe7 12. e3 Be6 13. cxd5 cxd5 14. Bb5+ Nc6 15. Nb3 Qa3 16. 0-0 0-0-0 17. Bf4 f6 18. Nc5 Bf5 19. Bxc6 bxc6 20. Bb8 Rd7 21. Nxd7 Kxd7 22. Qc7+ Ke6 23. Rfb1 Qxc3 24. Qd6+ Kf7 25. Rb7+ Kg8 26. Qd8# 1-0

[Event "RN-2014-0-00852"]
[Site "LSS email"]
[Date "2014.10.05"]
[Round "?"]
[White "Hughes, Peter"]
[Black "Venturas, Bob"]
[Result "0-1"]
[WhiteElo "680"]
[BlackElo "686"]
[PlyCount "96"]
[EventDate "2014.09.23"]
[EventType "tourn (corr)"]
[EventRounds "6"]
[EventCountry "GER"]
[SourceTitle "Corr 2015"]
[Source "ChessBase"]
[SourceDate "2015.07.17"]
[SourceVersion "1"]
[SourceVersionDate "2015.07.17"]
[SourceQuality "1"]

1. e4 e5 2. Nf3 d6 3. d4 Bg4 4. dxe5 Nc6 5. exd6 cxd6 6. Be2 Nf6 7. Nc3 Be7 8. 0-0 0-0 9. Bf4 h6 10. Qd2 Re8 11. h3 Bh5 12. Bh2 Bg6 13. Bd3 Nh7 14. Bc4 Ne5 15. Nxe5 dxe5 16. Qe2 Qc7 17. Bb3 Bd6 18. Nb5 Qe7 19. Rad1 Bb4 20. c3 Ba5 21. a4 a6 22. Na3 Kh8 23. Nc4 Bc7 24. a5 f6 25. Nb6 Bxb6 26. axb6 Qc5 27. h4 Qxb6 28. Ba2 Rac8 29. h5 Bxh5 30. Qxh5 Rf8 31. Rd7 Qxb2 32. Qg6 Rg8 33. Bxg8 Rxg8 34. f4 Nf8 35. Qf7 Nxd7 36. Qxd7 Qb6+ 37. Kh1 Rd8 38. Qe7 Qd6 39. Qxb7 Qd3 40. fxe5 Qxf1+ 41. Bg1 Rd2 42. Qc8+ Kh7 43. Qh3 fxe5 44. Qf5+ Qxf5 45. exf5 Rc2 46. Kh2 Rxc3 47. Bb6 Ra3 48. g3 Rf3 0-1

[Event "RN-2014-0-00851"]
[Site "LSS email"]
[Date "2014.10.03"]
[Round "?"]
[White "Neumann, Frank"]
[Black "Hughes, Peter"]
[Result "0-1"]
[WhiteElo "491"]
[BlackElo "668"]
[PlyCount "32"]
[EventDate "2014.09.22"]
[EventType "tourn (corr)"]
[EventRounds "6"]
[EventCountry "GER"]
[SourceTitle "Corr 2015"]
[Source "ChessBase"]
[SourceDate "2015.07.17"]
[SourceVersion "1"]
[SourceVersionDate "2015.07.17"]
[SourceQuality "1"]

1. e4 e5 2. Nf3 Nc6 3. Be2 Bc5 4. 0-0 d6 5. Nc3 Nf6 6. a3 0-0 7. b4 Bb6 8. Bb2 a6 9. Re1 Ng4 10. h3 Nxf2 11. Kf1 Nxd1 12. Raxd1 Qf6 13. Nd5 Qg6 14. Nh4 Qxe4 15. Nc3 Qxh4 16. Bf3 Qf2# 0-1

[Event "SN-2014-0-00606"]
[Site "LSS email"]
[Date "2014.06.28"]
[Round "?"]
[White "Shim Ng Min, Francis"]
[Black "Hughes, Peter"]
[Result "1-0"]
[WhiteElo "1109"]
[BlackElo "668"]
[PlyCount "27"]
[EventDate "2014.06.06"]
[EventType "tourn (corr)"]
[EventRounds "6"]
[EventCountry "GER"]
[SourceTitle "Corr 2015"]
[Source "ChessBase"]
[SourceDate "2015.07.17"]
[SourceVersion "1"]
[SourceVersionDate "2015.07.17"]
[SourceQuality "1"]

1. e4 e5 2. Nf3 Nc6 3. d4 exd4 4. Bc4 Bd6 5. 0-0 Nh6 6. e5 Nxe5 7. Nxe5 Bxe5 8. Re1 d6 9. f4 Bg4 10. Qd3 0-0 11. fxe5 dxe5 12. Bxh6 gxh6 13. Qg3 h5 14. h3 1-0

[Event "SN-2014-0-00606"]
[Site "LSS email"]
[Date "2014.06.28"]
[Round "?"]
[White "Vontina, Maria"]
[Black "Hughes, Peter"]
[Result "1-0"]
[WhiteElo "612"]
[BlackElo "668"]
[PlyCount "91"]
[EventDate "2014.06.06"]
[EventType "tourn (corr)"]
[EventRounds "6"]
[EventCountry "GER"]
[SourceTitle "Corr 2015"]
[Source "ChessBase"]
[SourceDate "2015.07.17"]
[SourceVersion "1"]
[SourceVersionDate "2015.07.17"]
[SourceQuality "1"]

1. e4 e5 2. Nf3 Nc6 3. Bb5 a6 4. Ba4 Nf6 5. 0-0 b5 6. Bb3 Bc5 7. d3 Bb7 8. Bg5 0-0 9. Nbd2 a5 10. a3 a4 11. Ba2 d6 12. h3 h6 13. Bh4 g5 14. Bg3 Qd7 15. Qe2 Nd8 16. c3 Nh5 17. Bh2 Ne6 18. Nxg5 Neg7 19. Ngf3 Kh7 20. d4 Bb6 21. d5 f5 22. exf5 Qxf5 23. Bb1 Qxb1 24. Raxb1 Bxd5 25. Ne4 Bxe4 26. Qxe4+ Kg8 27. Qd5+ Kh8 28. Qxb5 Rf5 29. Qe2 Raf8 30. Rbd1 Nf4 31. Qe4 Nge6 32. Qxa4 Rg8 33. Bg3 Ng5 34. Nxg5 hxg5 35. Qe4 Rgf8 36. Kh2 d5 37. Qe1 e4 38. c4 c6 39. cxd5 cxd5 40. Qc3+ Kg8 41. Qc6 Ne2 42. Rxd5 Nxg3 43. Kxg3 Bxf2+ 44. Rxf2 Rxf2 45. Qg6+ Kh8 46. Rxg5 1-0

[Event "SN-2014-0-00594"]
[Site "LSS email"]
[Date "2014.05.19"]
[Round "?"]
[White "Hughes, Peter"]
[Black "Sagi, Raju"]
[Result "1-0"]
[WhiteElo "680"]
[BlackElo "469"]
[PlyCount "95"]
[EventDate "2014.04.30"]
[EventType "tourn (corr)"]
[EventRounds "6"]
[EventCountry "GER"]
[SourceTitle "Corr 2015"]
[Source "ChessBase"]
[SourceDate "2015.07.17"]
[SourceVersion "1"]
[SourceVersionDate "2015.07.17"]
[SourceQuality "1"]

1. e4 e5 2. Nf3 d6 3. Bc4 Be6 4. 0-0 Bxc4 5. d3 Ba6 6. Nc3 Nf6 7. Bg5 Be7 8. Re1 Nc6 9. a3 0-0 10. Bxf6 Bxf6 11. b4 Nd4 12. a4 b6 13. b5 Bc8 14. Nd5 Bb7 15. c3 Nxf3+ 16. Qxf3 Bxd5 17. exd5 a5 18. Re3 Re8 19. Qh5 Bg5 20. Rh3 h6 21. Re1 Qf6 22. Rf3 Qg6 23. Qg4 Bd2 24. Qxg6 fxg6 25. Rd1 Bxc3 26. Rc1 Kh7 27. Rxc3 e4 28. dxe4 Rac8 29. Rc4 c5 30. dxc6 d5 31. Rd4 dxe4 32. Rf7 e3 33. fxe3 Rxe3 34. h3 g5 35. Rdd7 Rg8 36. Rb7 Ree8 37. Rxb6 Rc8 38. Rfb7 Rgd8 39. Ra6 Ra8 40. Rxa8 Rxa8 41. b6 Rc8 42. c7 Kg8 43. Rb8 Rxb8 44. cxb8Q+ Kh7 45. b7 Kg6 46. Qe8+ Kh7 47. b8Q h5 48. Qxh5# 1-0

[Event "SN-2014-0-00594"]
[Site "LSS email"]
[Date "2014.05.19"]
[Round "?"]
[White "Vontina, Maria"]
[Black "Hughes, Peter"]
[Result "0-1"]
[WhiteElo "670"]
[BlackElo "680"]
[PlyCount "60"]
[EventDate "2014.04.30"]
[EventType "tourn (corr)"]
[EventRounds "6"]
[EventCountry "GER"]
[SourceTitle "Corr 2015"]
[Source "ChessBase"]
[SourceDate "2015.07.17"]
[SourceVersion "1"]
[SourceVersionDate "2015.07.17"]
[SourceQuality "1"]

1. e4 e5 2. Nf3 d6 3. d4 Nf6 4. Bg5 Nbd7 5. Bc4 Be7 6. Bxf6 Nxf6 7. Nc3 0-0 8. 0-0 b6 9. dxe5 dxe5 10. Qe2 Bg4 11. Rad1 Qc8 12. Qe3 Bxf3 13. Qxf3 Bc5 14. a3 a6 15. Nd5 Nxd5 16. Bxd5 Ra7 17. c4 c6 18. b4 Bd4 19. Bxc6 Qxc6 20. Qd3 Rd7 21. Qc2 Rfd8 22. Kh1 b5 23. c5 f5 24. exf5 e4 25. Rde1 Re7 26. Re2 Bf6 27. Rfe1 Rde8 28. Kg1 Bg5 29. g3 e3 30. f3 Qxf3 0-1

[Event "SN-2014-0-00594"]
[Site "LSS email"]
[Date "2014.05.19"]
[Round "?"]
[White "Willoughby, Peter"]
[Black "Hughes, Peter"]
[Result "1-0"]
[WhiteElo "1151"]
[BlackElo "680"]
[PlyCount "39"]
[EventDate "2014.04.30"]
[EventType "tourn (corr)"]
[EventRounds "6"]
[EventCountry "GER"]
[SourceTitle "Corr 2015"]
[Source "ChessBase"]
[SourceDate "2015.07.17"]
[SourceVersion "1"]
[SourceVersionDate "2015.07.17"]
[SourceQuality "1"]

1. h4 e5 2. f4 exf4 3. e4 Nf6 4. d3 d6 5. Bxf4 Nc6 6. Be2 Be7 7. Nc3 0-0 8. g4 h6 9. g5 Nh7 10. Qd2 Nd4 11. 0-0-0 c5 12. gxh6 g6 13. Kb1 Qb6 14. Nd5 Qd8 15. Nf3 Be6 16. Nxe7+ Qxe7 17. Nxd4 cxd4 18. Qb4 Rfd8 19. Qxd4 Qc7 20. Qg7# 1-0

[Event "RN-2014-0-00775"]
[Site "LSS email"]
[Date "2014.03.06"]
[Round "?"]
[White "Hughes, Peter"]
[Black "Fridich, Vaclav Sr"]
[Result "0-1"]
[WhiteElo "686"]
[BlackElo "958"]
[PlyCount "84"]
[EventDate "2014.02.28"]
[EventType "tourn (corr)"]
[EventRounds "6"]
[EventCountry "GER"]
[SourceTitle "Telechess CBM 167"]
[Source "ChessBase"]
[SourceDate "2015.07.13"]
[SourceVersion "1"]
[SourceVersionDate "2015.07.13"]
[SourceQuality "1"]

1. d4 Nf6 2. c4 e5 3. dxe5 Ng4 4. Nf3 Bc5 5. e3 Nc6 6. Be2 0-0 7. 0-0 Ngxe5 8. Nd4 Qf6 9. Nxc6 Qxc6 10. b3 Qf6 11. Bb2 Nf3+ 12. Bxf3 Qxb2 13. Nd2 a6 14. Ne4 Ba7 15. h3 Qe5 16. Ng3 c6 17. Qd3 d6 18. Rad1 Bb8 19. Nh5 d5 20. Ng3 dxc4 21. bxc4 Qf6 22. Nh5 Qg5 23. Nf4 Bxf4 24. exf4 Qxf4 25. Qd4 Qg5 26. g4 Be6 27. a3 Rfd8 28. Qc3 h5 29. Qe3 Qxe3 30. fxe3 hxg4 31. hxg4 Bxc4 32. Rfe1 Kf8 33. Kf2 Ke7 34. g5 a5 35. Rh1 a4 36. Ra1 Rd2+ 37. Kg3 Rad8 38. e4 Ra2 39. Rxa2 Bxa2 40. Rh7 g6 41. Bg4 Rd3+ 42. Kf4 Rxa3 0-1

[Event "RN-2014-0-00775"]
[Site "LSS email"]
[Date "2014.03.06"]
[Round "?"]
[White "Semenov, Zhenya"]
[Black "Hughes, Peter"]
[Result "1-0"]
[WhiteElo "851"]
[BlackElo "686"]
[PlyCount "83"]
[EventDate "2014.02.28"]
[EventType "tourn (corr)"]
[EventRounds "6"]
[EventCountry "GER"]
[SourceTitle "Telechess CBM 167"]
[Source "ChessBase"]
[SourceDate "2015.07.13"]
[SourceVersion "1"]
[SourceVersionDate "2015.07.13"]
[SourceQuality "1"]

1. e4 e6 2. d4 d5 3. exd5 exd5 4. Nf3 Nf6 5. c4 c6 6. Nc3 Bg4 7. cxd5 Nxd5 8. Qd3 Bxf3 9. Qxf3 Bb4 10. Bd2 0-0 11. 0-0-0 Qf6 12. Qxf6 Nxf6 13. f3 Re8 14. a3 Ba5 15. Bc4 b5 16. Bb3 Nbd7 17. d5 Nxd5 18. Nxd5 Bxd2+ 19. Rxd2 cxd5 20. Bxd5 Rac8+ 21. Kb1 Ne5 22. Rc1 h6 23. Rxc8 Rxc8 24. f4 Nc4 25. Re2 Nd6 26. Re7 a5 27. Ra7 a4 28. Rd7 Nf5 29. Bxf7+ Kh8 30. Rb7 Nd6 31. Rd7 Nxf7 32. Rxf7 Re8 33. g4 Kg8 34. Rf5 Re1+ 35. Ka2 Re2 36. h4 g6 37. Rxb5 Rh2 38. h5 gxh5 39. Rxh5 Rxh5 40. gxh5 Kg7 41. b4 axb3+ 42. Kxb3 1-0

[Event "RN-2014-0-00756"]
[Site "LSS email"]
[Date "2014.01.22"]
[Round "?"]
[White "Hughes, Peter"]
[Black "Lombardi, Donato"]
[Result "0-1"]
[WhiteElo "686"]
[BlackElo "875"]
[PlyCount "96"]
[EventDate "2014.01.11"]
[EventType "tourn (corr)"]
[EventRounds "6"]
[EventCountry "GER"]
[SourceTitle "Telechess CBM 167"]
[Source "ChessBase"]
[SourceDate "2015.07.13"]
[SourceVersion "1"]
[SourceVersionDate "2015.07.13"]
[SourceQuality "1"]

1. d4 d5 2. c4 c6 3. Nf3 Nf6 4. Nc3 e6 5. Bg5 Be7 6. Bxf6 Bxf6 7. e3 0-0 8. Bd3 Nd7 9. 0-0 g6 10. Rc1 Bg7 11. cxd5 cxd5 12. Qc2 b6 13. Nb5 Bb7 14. Nd6 Rb8 15. Nxb7 Rxb7 16. Ba6 Rb8 17. Qc7 Qxc7 18. Rxc7 Nf6 19. Rfc1 Ne4 20. Bd3 a5 21. a4 Nd6 22. Rd7 Rfd8 23. Rcc7 b5 24. Ng5 Rxd7 25. Rxd7 Nc4 26. b3 Nb6 27. Rc7 bxa4 28. bxa4 Nxa4 29. Ra7 Nc3 30. h3 a4 31. Bc2 Rb2 32. Ra8+ Bf8 33. Bxa4 Ra2 34. Bc6 Rc2 35. Ba4 Rc1+ 36. Kh2 Kg7 37. h4 h6 38. Nf3 Bd6+ 39. Ne5 Bxe5+ 40. dxe5 Ne4 41. f3 Nc5 42. Bb5 Nb3 43. Bd3 Rc3 44. Bb5 Rxe3 45. Ra3 d4 46. Ba4 Nd2 47. Ra2 Re2 48. Kg3 Nf1+ 0-1

[Event "RN-2014-0-00756"]
[Site "LSS email"]
[Date "2014.01.22"]
[Round "?"]
[White "Hughes, Peter"]
[Black "Raines, David T"]
[Result "0-1"]
[WhiteElo "686"]
[BlackElo "895"]
[PlyCount "56"]
[EventDate "2014.01.11"]
[EventType "tourn (corr)"]
[EventRounds "6"]
[EventCountry "GER"]
[SourceTitle "Telechess CBM 167"]
[Source "ChessBase"]
[SourceDate "2015.07.13"]
[SourceVersion "1"]
[SourceVersionDate "2015.07.13"]
[SourceQuality "1"]

1. d4 d5 2. c4 c6 3. Nf3 Nf6 4. Nc3 dxc4 5. a4 Bf5 6. e3 e6 7. Bxc4 Nbd7 8. 0-0 Bd6 9. b3 Bb4 10. Bb2 0-0 11. Nh4 Ne4 12. Rc1 Qxh4 13. f3 Nxc3 14. Bxc3 Bxc3 15. Rxc3 Nb6 16. e4 Bg6 17. Bd3 Rad8 18. Bc2 Rd7 19. a5 Nc8 20. f4 h6 21. Rh3 Qd8 22. Rd3 Bxe4 23. Rg3 Nd6 24. Qg4 g6 25. Bd1 Bf5 26. Qh5 Kh7 27. Qe2 Ne4 28. Rc3 Nxc3 0-1

[Event "RN-2013-0-00744"]
[Site "LSS email"]
[Date "2013.12.29"]
[Round "?"]
[White "Hughes, Peter"]
[Black "Neumann, Frank"]
[Result "1-0"]
[WhiteElo "653"]
[BlackElo "660"]
[PlyCount "95"]
[EventDate "2013.12.16"]
[EventType "tourn (corr)"]
[EventRounds "6"]
[EventCountry "GER"]
[SourceTitle "Telechess CBM 167"]
[Source "ChessBase"]
[SourceDate "2015.07.13"]
[SourceVersion "1"]
[SourceVersionDate "2015.07.13"]
[SourceQuality "1"]

1. e4 c5 2. d4 e6 3. Nf3 Nf6 4. Nc3 Be7 5. dxc5 0-0 6. Be3 Nc6 7. Bd3 Nb4 8. 0-0 a6 9. h3 Nxd3 10. cxd3 d6 11. cxd6 Bxd6 12. e5 Bxe5 13. Nxe5 Nd5 14. Nxd5 Qxd5 15. d4 b5 16. Rc1 Qxa2 17. Qc2 Bb7 18. b3 Qa3 19. Ra1 Qd6 20. Rfc1 Rac8 21. Qe2 Rxc1+ 22. Rxc1 Qd5 23. Qf3 Qxf3 24. Nxf3 h6 25. Rc7 Bd5 26. b4 Kh7 27. Ra7 Bc4 28. Rxa6 Kg6 29. Ne5+ Kf6 30. Nxc4 bxc4 31. Bd2 Rd8 32. Bc3 Kf5 33. b5 Rb8 34. g4+ Kg5 35. b6 Kf6 36. d5+ Ke7 37. Be5 Rd8 38. b7 Kd7 39. Ra8 c3 40. Rxd8+ Kxd8 41. b8Q+ Ke7 42. Qc7+ Ke8 43. Bxc3 exd5 44. Qe5+ Kf8 45. Bb4+ Kg8 46. Qe8+ Kh7 47. Qxf7 Kh8 48. Bf8 1-0

[Event "RN-2013-0-00744"]
[Site "LSS email"]
[Date "2013.12.29"]
[Round "?"]
[White "Linart, Ludvik"]
[Black "Hughes, Peter"]
[Result "1-0"]
[WhiteElo "904"]
[BlackElo "653"]
[PlyCount "89"]
[EventDate "2013.12.16"]
[EventType "tourn (corr)"]
[EventRounds "6"]
[EventCountry "GER"]
[SourceTitle "Telechess CBM 167"]
[Source "ChessBase"]
[SourceDate "2015.07.13"]
[SourceVersion "1"]
[SourceVersionDate "2015.07.13"]
[SourceQuality "1"]

1. d4 Nf6 2. Nc3 g6 3. Bg5 Bg7 4. e3 0-0 5. Nf3 c5 6. Be2 d6 7. 0-0 Nbd7 8. Bd3 b6 9. Qe2 Bb7 10. Ba6 Qc7 11. dxc5 Nxc5 12. Bxb7 Qxb7 13. Rfd1 Ne6 14. Bh4 Nc5 15. Rab1 e6 16. Rxd6 Nce4 17. Nxe4 Nxe4 18. Rdd1 f6 19. Rd3 g5 20. Bg3 Nxg3 21. hxg3 e5 22. Rd6 e4 23. Ne1 Qf7 24. b3 h5 25. c4 f5 26. Rbd1 h4 27. gxh4 gxh4 28. Rd7 Qf6 29. R1d6 Qg5 30. c5 Kh8 31. c6 Be5 32. Re6 Bc3 33. Ree7 Bg7 34. Rxg7 Qxg7 35. Qh5+ Kg8 36. Rxg7+ Kxg7 37. Nc2 Rh8 38. Qxf5 Rac8 39. Nd4 Rce8 40. Ne6+ Rxe6 41. Qxe6 b5 42. c7 b4 43. Qe5+ Kh7 44. Qxh8+ Kxh8 45. c8Q+ 1-0

[Event "RN-2013-0-00724"]
[Site "LSS email"]
[Date "2013.11.10"]
[Round "?"]
[White "Garcia, Javier N"]
[Black "Hughes, Peter"]
[Result "1-0"]
[WhiteElo "783"]
[BlackElo "709"]
[PlyCount "75"]
[EventDate "2013.11.02"]
[EventType "tourn (corr)"]
[EventRounds "6"]
[EventCountry "GER"]
[SourceTitle "Telechess CBM 167"]
[Source "ChessBase"]
[SourceDate "2015.07.13"]
[SourceVersion "1"]
[SourceVersionDate "2015.07.13"]
[SourceQuality "1"]

1. d4 Nf6 2. c4 g6 3. Nc3 Bg7 4. e4 d6 5. Bd3 0-0 6. Nf3 Bg4 7. 0-0 Nc6 8. Be3 Bxf3 9. Qxf3 Nb4 10. Rad1 c5 11. dxc5 dxc5 12. Bxc5 Nc6 13. Bc2 Qc7 14. Nd5 Nxd5 15. exd5 Ne5 16. Qe3 Nxc4 17. Qxe7 Qxe7 18. Bxe7 Rfe8 19. d6 Bf8 20. Bxf8 Kxf8 21. d7 Red8 22. Bb3 Ne5 23. Ba4 a6 24. Rfe1 f6 25. f4 b5 26. fxe5 bxa4 27. e6 Ke7 28. Rd4 a5 29. Rxa4 Ra6 30. b4 Rxe6 31. Rxe6+ Kxe6 32. Rxa5 Rxd7 33. b5 Rb7 34. Ra6+ Kf5 35. b6 h5 36. a4 Kf4 37. a5 g5 38. Ra7 1-0

[Event "RN-2013-0-00700"]
[Site "LSS email"]
[Date "2013.09.20"]
[Round "?"]
[White "Linart, Ludvik"]
[Black "Hughes, Peter"]
[Result "1-0"]
[WhiteElo "929"]
[BlackElo "705"]
[PlyCount "57"]
[EventDate "2013.09.10"]
[EventType "tourn (corr)"]
[EventRounds "6"]
[EventCountry "GER"]
[SourceTitle "Telechess CBM 163"]
[Source "ChessBase"]
[SourceDate "2014.11.11"]
[SourceVersion "2"]
[SourceVersionDate "2014.11.11"]
[SourceQuality "1"]

1. d4 Nf6 2. c4 g6 3. Nc3 Bg7 4. Nf3 0-0 5. e4 d6 6. Be2 e5 7. dxe5 dxe5 8. 0-0 Nbd7 9. Qc2 Qe8 10. b3 a5 11. Nb5 Qd8 12. Rd1 b6 13. Bb2 Ba6 14. a4 Bxb5 15. cxb5 Qe7 16. Ba3 Nc5 17. Bxc5 bxc5 18. Nd2 Rfd8 19. Nc4 Rdc8 20. f3 Nh5 21. g3 f5 22. Ra2 f4 23. g4 Qg5 24. Nd2 Ng3 25. hxg3 fxg3 26. Nf1 Qh4 27. Bc4+ Kf8 28. Bd5 Ra7 29. Qxc5+ 1-0

[Event "RN-2013-0-00700"]
[Site "LSS email"]
[Date "2013.09.20"]
[Round "?"]
[White "Lombardi, Donato"]
[Black "Hughes, Peter"]
[Result "1-0"]
[WhiteElo "867"]
[BlackElo "705"]
[PlyCount "45"]
[EventDate "2013.09.10"]
[EventType "tourn (corr)"]
[EventRounds "6"]
[EventCountry "GER"]
[SourceTitle "Telechess CBM 163"]
[Source "ChessBase"]
[SourceDate "2014.11.11"]
[SourceVersion "2"]
[SourceVersionDate "2014.11.11"]
[SourceQuality "1"]

1. e4 e5 2. Nf3 Nc6 3. d4 exd4 4. Nxd4 Nf6 5. Nc3 Bb4 6. Nxc6 bxc6 7. Bd3 0-0 8. Bd2 Bxc3 9. Bxc3 Bb7 10. 0-0 c5 11. Qf3 Qc8 12. Bxf6 gxf6 13. Qxf6 Qd8 14. Qh6 c4 15. Bxc4 Kh8 16. Rad1 Bxe4 17. Rfe1 Bg6 18. Bd3 Bxd3 19. Rxd3 Re8 20. Rxe8+ Qxe8 21. Qf6+ Kg8 22. Rg3+ Kf8 23. Qh8+ 1-0

[Event "RN-2013-0-00664"]
[Site "LSS email"]
[Date "2013.07.05"]
[Round "?"]
[White "Hughes, Chris"]
[Black "Hughes, Peter"]
[Result "1-0"]
[WhiteElo "821"]
[BlackElo "705"]
[PlyCount "89"]
[EventDate "2013.06.27"]
[EventType "tourn (corr)"]
[EventRounds "6"]
[EventCountry "GER"]
[SourceTitle "Telechess CBM 163"]
[Source "ChessBase"]
[SourceDate "2014.11.11"]
[SourceVersion "2"]
[SourceVersionDate "2014.11.11"]
[SourceQuality "1"]

1. d4 Nf6 2. c4 g6 3. Nc3 Bg7 4. e4 d6 5. Nf3 0-0 6. Be2 Nbd7 7. 0-0 c5 8. d5 Nb6 9. h3 e6 10. Bg5 Nbd7 11. Qc2 h6 12. Bh4 g5 13. Bg3 e5 14. Rad1 Nb6 15. b3 Nh5 16. Bh2 f5 17. exf5 Bxf5 18. Bd3 e4 19. Bxe4 Bxe4 20. Nxe4 Qe7 21. Rfe1 Qf7 22. Nxd6 Qf6 23. Nxb7 Rac8 24. Nd6 Rcd8 25. Ne4 Qb2 26. Rd2 Qa3 27. Bc7 Rc8 28. Bxb6 axb6 29. Nd6 Rcd8 30. Nf5 Qb4 31. Nxg7 Nxg7 32. Qg6 Rd7 33. Rde2 Qc3 34. Qxh6 g4 35. Ng5 Qd3 36. Ne6 Rff7 37. Ng5 Rf8 38. Ne6 Nxe6 39. Qxe6+ Rdf7 40. Qxg4+ Rg7 41. Qe4 Qxe4 42. Rxe4 Rgf7 43. R1e2 Ra8 44. Re6 Rxa2 45. Rxa2 1-0

[Event "RN-2013-0-00664"]
[Site "LSS email"]
[Date "2013.07.05"]
[Round "?"]
[White "Kramskoi, Vasyl"]
[Black "Hughes, Peter"]
[Result "0-1"]
[WhiteElo "849"]
[BlackElo "705"]
[PlyCount "60"]
[EventDate "2013.06.27"]
[EventType "tourn (corr)"]
[EventRounds "6"]
[EventCountry "GER"]
[SourceTitle "Telechess CBM 163"]
[Source "ChessBase"]
[SourceDate "2014.11.11"]
[SourceVersion "2"]
[SourceVersionDate "2014.11.11"]
[SourceQuality "1"]

1. d4 Nf6 2. c4 g6 3. Nf3 Bg7 4. g3 0-0 5. Bg2 d6 6. 0-0 c6 7. b3 Nbd7 8. Bb2 e6 9. Nc3 c5 10. Rb1 b6 11. Ne5 d5 12. Nxd7 Qxd7 13. dxc5 bxc5 14. cxd5 Rb8 15. e4 e5 16. Na4 Qd6 17. Ba3 Nd7 18. Qf3 Ba6 19. Rfc1 Bb5 20. Nxc5 Rfc8 21. b4 Bf8 22. Nxd7 Bxd7 23. Bf1 Rb7 24. Rxc8 Bxc8 25. b5 Qxa3 26. Qxa3 Bxa3 27. Rb3 Bd6 28. a4 Rc7 29. a5 Rc1 30. a6 Bh3 0-1

[Event "RN-2013-0-00614"]
[Site "LSS email"]
[Date "2013.03.08"]
[Round "?"]
[White "Babos, Istvan"]
[Black "Hughes, Peter"]
[Result "1/2-1/2"]
[WhiteElo "747"]
[BlackElo "700"]
[PlyCount "37"]
[EventDate "2013.02.27"]
[EventType "tourn (corr)"]
[EventRounds "6"]
[EventCountry "GER"]
[SourceTitle "Corr 2015"]
[Source "ChessBase"]
[SourceDate "2015.07.17"]
[SourceVersion "1"]
[SourceVersionDate "2015.07.17"]
[SourceQuality "1"]

1. d4 Nf6 2. e3 g6 3. Nf3 Bg7 4. g3 0-0 5. Bg2 e6 6. 0-0 d5 7. b3 Nbd7 8. Bb2 b6 9. Nbd2 Bb7 10. Re1 Rc8 11. c3 c5 12. Qc2 c4 13. bxc4 dxc4 14. Ba3 Re8 15. Reb1 e5 16. Nxe5 Bxg2 17. Kxg2 Nxe5 18. Bb4 Nc6 19. Ba3 1/2-1/2